|
|
|
|
| LEADER |
00000nam a2200000 a 4500 |
| 001 |
UCY7467 |
| 003 |
CL-VaPUC |
| 008 |
950614e19940000CL |||||||||||||||||spa|d |
| 082 |
0 |
4 |
|a 724.6
|b CIE
|2 21
|
| 245 |
1 |
0 |
|a Cien años de arquitectura en la Universidad Católica
|
| 300 |
|
|
|a 270 p
|
| 942 |
|
|
|c BK
|
| 945 |
|
|
|d 19950614 00:00:00
|a rbrito
|
| 260 |
|
|
|a Santiago
|b ARQ
|c 1994
|
| 600 |
0 |
7 |
|a ESCUELA DE ARQUITECTURA
|2 CL-VaPUC
|9 337990
|
| 600 |
0 |
7 |
|a PONTIFICIA UNIVERSIDAD CATOLICA DE CHILE
|2 CL-VaPUC
|9 314003
|
| 650 |
|
0 |
|a Arquitectura
|9 804558
|
| 650 |
|
0 |
|a Historia
|9 255047
|
| 650 |
|
0 |
|a Diseño arquitectónico
|9 265271
|
| 650 |
|
0 |
|a Arquitectos
|9 268647
|
| 650 |
|
7 |
|a DISEÑO AMBIENTAL
|2 CL-VaPUC
|9 268896
|
| 583 |
|
|
|a last modification
|c 20190801 09:04:26
|k Rodrigo Vera
|
| 999 |
|
|
|c 234841
|d 234839
|
| 952 |
|
|
|0 0
|1 0
|4 0
|6 724_600000000000000_CIE_1994
|7 0
|8 A
|9 241589
|a BIBARQ
|b BIBARQ
|d 2019-11-18
|i 3065863
|l 2
|o 724.6 CIE 1994
|p 3065863
|r 2025-01-20
|s 2023-11-13
|w 2019-11-18
|y BK
|k ARQ
|